Loading...
| Current Events | 6 | 13.33 | 100% | 50% | 0% |
| Fine Arts - Classical Music | 6 | 20.00 | 100% | 67% | 33% |
| Fine Arts - Other Fine Arts | 8 | 17.50 | 100% | 25% | 50% |
| Fine Arts - Painting & Sculpture | 10 | 20.00 | 100% | 80% | 20% |
| Geography | 4 | 20.00 | 100% | 100% | 0% |
| History - American History | 7 | 17.14 | 100% | 43% | 43% |
| History - European History | 11 | 21.82 | 100% | 73% | 46% |
| History - Other History | 10 | 20.00 | 100% | 90% | 10% |
| History - World History | 10 | 13.00 | 80% | 40% | 10% |
| Literature - American Literature | 6 | 13.33 | 100% | 33% | 0% |
| Literature - British Literature | 12 | 18.33 | 92% | 83% | 17% |
| Literature - European Literature | 8 | 16.25 | 100% | 75% | 13% |
| Literature - World Literature | 11 | 19.09 | 100% | 82% | 9% |
| Mythology | 3 | 23.33 | 100% | 100% | 33% |
| Other Academic | 8 | 15.00 | 100% | 38% | 13% |
| Philosophy | 10 | 14.00 | 100% | 40% | 0% |
| Religion | 7 | 15.71 | 100% | 57% | 0% |
| Science - Biology | 7 | 18.57 | 100% | 57% | 29% |
| Science - Chemistry | 10 | 13.00 | 80% | 50% | 0% |
| Science - Other Science | 7 | 10.00 | 86% | 14% | 0% |
| Science - Physics | 7 | 14.29 | 100% | 29% | 14% |
| Social Science | 9 | 17.78 | 89% | 67% | 22% |